| 000 | 01730cam a2200469 4500 | ||
|---|---|---|---|
| 001 | 22650 | ||
| 003 | SK-KTurca | ||
| 005 | 20260413165723.0 | ||
| 008 | 200228s2018 xo c 000 f slo | ||
| 015 | _aSNBA2018 | ||
| 020 |
_a9788056603215 _q(viazané) |
||
| 035 | _aurn:nbn:sk:snk-am00daiz | ||
| 035 | _aurn:nbn:sk:snk-am3hvk5 | ||
| 035 | _a5DD819B7-DFC8-498A-9A62-44FAE22A7439 | ||
| 040 |
_aPOKPOH _bslo _cPOKPOH _dSNK _erda |
||
| 041 | 1 |
_aslo _heng |
|
| 044 |
_axo _cSK |
||
| 072 | 7 |
_a821.111(73)-3 _xAmerická próza _2konspekt |
|
| 072 | 7 |
_a821-93 _xLiteratúra pre deti a mládež (beletria) _2konspekt |
|
| 080 |
_a821.111(73)-31 _22011 |
||
| 080 |
_a(0:82-321.3) _22011 |
||
| 080 |
_a82-93-053.6 _22011 |
||
| 100 | 1 |
_aBrooks, Max, _d1972- _4aut |
|
| 240 | 1 | 0 |
_aMinecraft: The Island (The Zombie Survival Guide: Complete Protection from the Living Dead) _lSlovensky |
| 245 | 1 | 0 |
_aMinecraft: Ostrov _cMax Brooks ; z anglického originálu ... preklad: Lukáš Ondrejkovič |
| 250 | _a1. vydanie | ||
| 264 | 1 |
_aBratislava _bAlbatros Media Slovakia, s.r.o. _bFragment _c2018 |
|
| 300 |
_a231 strán _c21 cm |
||
| 336 |
_atext _btxt _2rdacontent |
||
| 337 |
_abez média _bn _2rdamedia |
||
| 338 |
_azväzok _bnc _2rdacarrier |
||
| 500 | _aVydalo nakladateľstvo Fragment v Bratislave v spoločnosti Albatros Media Slovakia | ||
| 655 | 7 |
_aamerické romány _2SNKPH |
|
| 655 | 7 |
_adobrodružné príbehy _2SNKPH |
|
| 655 | 7 |
_apublikácie pre mládež _2SNKPH |
|
| 655 | 7 |
_aAmerican novels _2SNKPHeng |
|
| 655 | 7 |
_aAdventure stories _2SNKPHeng |
|
| 655 | 7 |
_aJuvenille literature _2SNKPHeng |
|
| 700 | 1 |
_aOndrejkovič, Lukáš _4trl |
|
| 787 | 0 | 8 |
_iZo série: _tPríbehy zo sveta Minecraftu |
| 942 |
_2ddc _cKLDE _n0 |
||
| 999 |
_c22650 _d22650 |
||